000
00244nam a2200109Ia 4500
008
190216s9999||||xx |||||||||||||| ||und||
100
_a
Aswathappa
245
0
_a
Essentials Of Business Enviornment
260
_b
Null
300
_a
605
942
_c
BK
999
_c
6021
_d
6021